Chlieb náš každodenný (Record no. 22422)
[ view plain ]
| 000 -NÁVESTIE | |
|---|---|
| fixed length control field | 00284nam a2200133 4500 |
| 008 - ÚDAJE S PEVNOU DĹŽKOU – VŠEOBECNÉ INFORMÁCIE | |
| fixed length control field | 190521s ||||xo d |
| 020 ## - MEDZINÁRODNÉ ŠTANDARDNÉ ČÍSLO KNIHY (ISBN) | |
| Údaje o dostupnosti | 0 |
| 041 1# - KÓD JAZYKA | |
| Kód jazyka textu/zvukovej stopy alebo samostatných nápisov | slo |
| 044 ## - KÓD KRAJINY VYDAVATEĽA/PRODUCENTA | |
| Kód krajiny MARC | xo |
| Kód krajiny ISO | SK |
| 245 10 - NÁZOV | |
| Názov | Chlieb náš každodenný |
| 260 ## - VYDAVATEĽSKÉ ÚDAJE, DISTRIBÚCIA ATĎ. | |
| Názov vydavateľa, distibútora atď. | In network |
| 250 ## - ÚDAJ O PORADÍ VYDANIA | |
| Údaj o poradí vydania | 1.vydanie |
| 958 ## - Formálny deskriptor | |
| Formálny deskriptor | AUL |
| Stav stiahnutia (Blokovanie) (Withrawn status) | Stav straty | Zdroj klasifikácie pre skladovanie | Stav poškodenia (Damaged status) | Nie pre výpožičky (Not for loan) | Spôsob nadobudnutia (Collection code) | Trvalé umiestnenie | Aktuálne umiestnenie | Dátum nadobudnutia | Inventárne číslo (prírastkové číslo) | Celkom výpožičky | Full call number | Čiarový kód | Dátum posledného výskytu | Dátum poslednej výpôžičky | Cena s účinnosťou od | Typ jednotky Koha |
|---|---|---|---|---|---|---|---|---|---|---|---|---|---|---|---|---|
| Dar | Mestská knižnica Giraltovce | Mestská knižnica Giraltovce | 2019-05-10 | 20754 | 1 | S1412 | S1412 | 2022-06-20 | 2022-06-13 | 2019-12-12 | Odborná literatúra pre dospelých |